000 00492nam a22001817a 4500
005 20240823092119.0
008 240823b |||||||| |||| 00| 0 eng d
020 _a8123902719
082 _a612
_bRAS-P
100 _aRasheeduz Zafar
245 _aPractical Pharmacognosy
_cRasheeduz Zafar, Neeraj Gandhi
260 _aindia :
_bCBS;
_c2009
300 _a139P.
_bill;
_c23 cm.
500 _ainclude index .
650 _aPharmacy / Pharmacognosy
700 _aNeeraj Gandhi
999 _c36450
_d36450